| 000 | 00525nam a2200181 a 4500 | ||
|---|---|---|---|
| 005 | 20140412111331.0 | ||
| 008 | 030210s19uu xx 00 eng d | ||
| 020 | _a0-307-10070-7 | ||
| 050 |
_aER _bPe39 1983 |
||
| 100 | _aMoss, Jeffrey | ||
| 245 |
_aPeople in my family / _cby Jeffrey Moss ; illustrated by Carol Nicklaus. |
||
| 260 |
_bA Sesame Street/Golden Press Book, _c1983. |
||
| 300 | _a1 v. (unp.) ; ill. | ||
| 440 | _aCTW/Sesame Street | ||
| 650 | _aFamilies--Fiction | ||
| 650 | _aCounting | ||
| 999 |
_c104910 _d104910 |
||